[Event "AUTO-ELITE-1265"]
[Site "http://www.queenalice.com/game.php?id=1280270"]
[Date "2014.5.9"]
[Round "2"]
[White "Norfair"]
[Black "chagrix64"]
[Result "0-1"]
[WhiteElo "2604"]
[BlackElo "2429"]

1. c4 e5 2. Nc3 Nf6 3. a3 Be7 4. Nf3 Nc6 5. e3 d5 6. cxd5 Nxd5 7. Bb5 O-O 8. Qc2
Bg4 9. Bxc6 Bxf3 10. gxf3 bxc6 11. Ne2 Qd7 12. b3 Qh3 13. Ng3 f5 14. Bb2 f4 15.
O-O-O fxg3 16. hxg3 Qe6 17. Qxh7+ Kf7 18. Qc2 Nf6 19. Rh4 c5 20. Rc4 Rab8 21. g4
Rb6 22. g5 Nd7 23. f4 Rfb8 24. f5 Qd5 25. e4 Qb7 0-1

[Event "AUTO-ELITE-1265"]
[Site "http://www.queenalice.com/game.php?id=1280271"]
[Date "2014.5.9"]
[Round "2"]
[White "chagrix64"]
[Black "Norfair"]
[Result "1/2-1/2"]
[WhiteElo "2454"]
[BlackElo "2565"]

1. e4 c5 2. Nf3 Nc6 3. c3 Nf6 4. e5 Nd5 5. d4 cxd4 6. cxd4 d6 7. Bb5 Qa5+ 8. Nc3
Nxc3 9. Bxc6+ bxc6 10. Qd2 Ba6 11. Qxc3 Qb5 12. Qc2 Rb8 13. exd6 exd6 14. b3 Be7
15. Bb2 O-O 16. O-O-O Qd5 17. Rhe1 Rfe8 18. Re3 Bc8 19. Bc3 Bf5 20. Qe2 Be6 21.
Qa6 Bf6 22. Qa5 Rb5 23. Qxa7 Reb8 24. Rd2 g6 25. h4 h5 26. g3 Bg4 27. Ne1 Bg7
28. Nc2 Bh6 29. f4 Bg7 30. Re7 Bf6 31. Re1 Qf3 32. Re3 Qf1+ 33. Kb2 d5 34. Qa3
Bg7 35. Bb4 Bf5 36. Bd6 Rd8 37. Be5 Bf8 38. Qa7 Rc8 39. Re1 1/2-1/2

[Event "AUTO-ADV-3003"]
[Site "http://www.queenalice.com/game.php?id=1282064"]
[Date "2014.5.16"]
[Round "2"]
[White "Aborigen"]
[Black "chagrix64"]
[Result "0-1"]
[WhiteElo "2096"]
[BlackElo "2428"]

1. e4 e6 2. f4 d5 3. exd5 exd5 4. Nf3 Nf6 5. d4 Be7 6. Bd3 O-O 7. O-O c5 8. c3
Nc6 9. h3 Qb6 10. Kh1 Ne4 11. Bxe4 dxe4 12. Ne5 cxd4 13. Nxc6 bxc6 14. Qxd4 f5
15. Na3 Ba6 16. Nc4 Qxd4 0-1

[Event "AUTO-MASTER-1986"]
[Site "http://www.queenalice.com/game.php?id=1283003"]
[Date "2014.5.20"]
[Round "2"]
[White "dcchess"]
[Black "chagrix64"]
[Result "0-1"]
[WhiteElo "2184"]
[BlackElo "2471"]

1. e4 e6 2. d4 d5 3. e5 c5 4. c3 Qb6 5. Nf3 Nc6 6. a3 c4 7. Nbd2 Bd7 8. b3 cxb3
9. Nxb3 Na5 10. Nxa5 Qxa5 11. Bd2 Qa4 12. Qb1 b6 13. Bd3 h6 14. O-O Rb8 15. Rc1
Rc8 16. Bc2 Qb5 17. Qa2 Qa6 18. a4 Ne7 19. Qb1 Qb7 20. Bd3 a6 21. c4 dxc4 22.
Rxc4 Nd5 23. Rxc8+ Qxc8 24. Qf1 a5 0-1

[Event "AUTO-MASTER-1986"]
[Site "http://www.queenalice.com/game.php?id=1283004"]
[Date "2014.5.20"]
[Round "2"]
[White "chagrix64"]
[Black "dcchess"]
[Result "1-0"]
[WhiteElo "2469"]
[BlackElo "2188"]

1. e4 e6 2. d4 d5 3. Nc3 Bb4 4. Bd3 dxe4 5. Bxe4 Nf6 6. Bg5 h6 7. Bxf6 Qxf6 8.
Qd3 O-O 9. a3 Bd6 10. Nf3 Nd7 11. O-O Rd8 12. Rad1 Bf8 13. Rfe1 Nc5 14. Qc4 Nxe4
15. Nxe4 Qe7 16. Rd3 c6 17. Ne5 Bd7 18. Rg3 Be8 19. c3 a5 20. f4 a4 21. Qe2 Ra5
22. Re3 g6 23. g4 1-0

[Event "AUTO-MASTER-1986"]
[Site "http://www.queenalice.com/game.php?id=1283005"]
[Date "2014.5.20"]
[Round "2"]
[White "Newcobos"]
[Black "chagrix64"]
[Result "0-1"]
[WhiteElo "2197"]
[BlackElo "2479"]

1. e4 e6 2. d4 d5 3. Nd2 Nf6 4. Bd3 c5 5. dxc5 Bxc5 6. exd5 exd5 7. Ngf3 Qe7+ 8.
Qe2 Qxe2+ 9. Bxe2 O-O 10. O-O Re8 11. Bd3 Nc6 12. Nb3 Bb6 13. h3 Ne4 14. Bf4 Bf5
15. Bb5 a6 16. Bxc6 bxc6 17. Nbd4 Bd7 18. c3 f6 19. Rfe1 a5 20. Be3 a4 21. Nc2
c5 22. Nd2 Nxd2 23. Bxd2 Rxe1+ 24. Rxe1 Kf7 25. Bf4 Be6 26. h4 h6 27. Rd1 Rd8
28. b4 axb3 29. axb3 d4 30. c4 Ra8 31. Ra1 Rxa1+ 32. Nxa1 d3 33. Bd2 Bc7 34. f4
Kg6 35. Kf2 Kh5 36. g3 Kg4 37. Be1 g5 38. hxg5 fxg5 39. Bc3 gxf4 40. gxf4 Bxf4
41. Bg7 d2 0-1

[Event "AUTO-MASTER-1986"]
[Site "http://www.queenalice.com/game.php?id=1283006"]
[Date "2014.5.20"]
[Round "2"]
[White "chagrix64"]
[Black "Newcobos"]
[Result "1-0"]
[WhiteElo "2478"]
[BlackElo "2204"]

1. e4 c5 2. Nf3 Nc6 3. Bb5 Nf6 4. e5 Ng8 5. O-O d6 6. d3 Bd7 7. exd6 exd6 8.
Re1+ Be7 9. Qe2 a6 10. Bxc6 Bxc6 11. d4 Qc7 12. Nc3 O-O-O 13. dxc5 dxc5 14. Ne5
Bf6 15. Bf4 Re8 16. Nxc6 Rxe2 17. Na7+ Kd7 18. Rad1+ Bd4 19. Nxe2 Qb6 20. Nxd4
cxd4 21. Be5 Qxa7 22. Bxd4 Qa8 23. Bxg7+ Kc6 24. Bxh8 Nh6 25. Be5 Nf5 26. g4 Nh4
27. Re3 Qg8 28. Rd6+ Kb5 29. Rb3+ Kc5 30. Rc3+ Kb5 31. Rd5+ Ka4 32. Rc4# 1-0

[Event "AUTO-ADV-2995"]
[Site "http://www.queenalice.com/game.php?id=1283860"]
[Date "2014.5.24"]
[Round "2"]
[White "Fischercat"]
[Black "chagrix64"]
[Result "0-1"]
[WhiteElo "1872"]
[BlackElo "2464"]

1. Nf3 e6 2. Nc3 d5 3. d4 Nf6 4. Bg5 Be7 5. e3 Nbd7 6. Bd3 c5 7. dxc5 Nxc5 8.
O-O O-O 9. a3 b6 10. b4 Nxd3 11. cxd3 Bd7 12. Ne5 Qc7 13. Nxd7 Qxd7 14. Rb1 d4
15. exd4 Qxd4 16. Ne2 Qd5 17. Bxf6 Bxf6 18. Qb3 Rfd8 19. Qxd5 Rxd5 20. Rfd1 Rad8
21. Rb3 b5 22. g3 g6 23. f4 R5d6 24. h4 h5 25. Kg2 e5 26. fxe5 Bxe5 27. Kf3 Kf8
28. Ke4 Re8 29. d4 Bxg3+ 30. Kf3 Bxh4 31. Ng3 Rd5 32. Nf1 Bf6 33. Rbd3 Red8 34.
Ke4 Rf5 35. Ng3 Re8# 0-1

[Event "AUTO-OPEN-3113"]
[Site "http://www.queenalice.com/game.php?id=1287350"]
[Date "2014.6.10"]
[Round "2"]
[White "LUKK22"]
[Black "chagrix64"]
[Result "1-0"]
[WhiteElo "2632"]
[BlackElo "2479"]

1. g4 d5 2. c4 Qd6 3. cxd5 Qxd5 4. Nf3 Bxg4 5. Nc3 Qa5 6. b4 Qb6 7. Qa4+ Nd7 8.
Bg2 Bxf3 9. Bxf3 e6 10. a3 Ne7 11. Bb2 c6 12. Ne4 Nd5 13. Rc1 a5 14. e3 Nc7 15.
Qd1 axb4 16. axb4 Qxb4 17. Rb1 Qe7 18. Rg1 e5 19. Bg4 g6 20. Bxd7+ Kxd7 21. d4
Kc8 22. dxe5 Qe6 23. Ng5 Bb4+ 24. Kf1 Qc4+ 25. Kg2 Rd8 26. Qf3 Ra2 27. Rgc1 Qh4
28. Nxf7 Rd2 29. Rd1 Rxd1 30. Rxd1 Ne6 31. Rb1 h5 32. Kg1 Be7 33. Qg2 Qg4 34.
Qxg4 hxg4 35. Kg2 b5 36. Nh6 Nc5 37. Bd4 Ne4 38. Nxg4 Kd7 39. Ra1 Rxa1 40. Bxa1
Nd2 41. f4 Ba3 42. Nf6+ Ke6 43. Bd4 c5 44. Ne8 Kd5 45. Nf6+ Kc6 46. Bc3 Nc4 47.
Kf3 b4 48. Ba1 b3 49. h4 b2 50. Bxb2 Nxb2 51. e4 c4 52. Nd5 Nd3 53. e6 Bc5 54.
f5 gxf5 55. h5 f4 56. h6 Bd4 57. Ne7+ Kc7 58. Nf5 Be5 59. Ke2 Nc5 60. e7 Kd7 61.
Nh4 Bf6 62. e5 Bxe5 63. Ng6 Nd3 64. h7 Bg7 65. Nh4 Kxe7 66. Nf3 Ne5 67. Ng5 Kf6
68. Nh3 f3+ 69. Kd2 Kg6 70. Nf4+ Kxh7 71. Kd1 Nd3 72. Nd5 Bd4 73. Ne7 f2 74. Ke2
1-0

[Event "AUTO-OPEN-3113"]
[Site "http://www.queenalice.com/game.php?id=1287351"]
[Date "2014.6.10"]
[Round "2"]
[White "chagrix64"]
[Black "LUKK22"]
[Result "1/2-1/2"]
[WhiteElo "2475"]
[BlackElo "2607"]

1. e4 g6 2. d4 Nf6 3. Qd3 Bg7 4. Nc3 d6 5. Be2 O-O 6. h4 c5 7. d5 Qa5 8. Bd2 Na6
9. Rc1 Rb8 10. a3 Qb6 11. b3 Ng4 12. Na4 Qc7 13. h5 b5 14. Nc3 Qd7 15. Qh3 h6
16. Nxb5 Rxb5 17. hxg6 Rb6 18. gxf7+ Rxf7 19. f3 Nf6 20. Qh4 e5 21. dxe6 Qxe6
22. Bxh6 Bxh6 23. Qxh6 Rg7 24. Bd3 Nc7 25. Ne2 Rh7 26. Qg5+ Rg7 27. Qf4 Qe5 28.
Rh6 Kf7 29. Kf1 Ne6 30. Qh4 Qg5 31. Qxg5 Rxg5 32. a4 Kg7 33. Rh4 d5 34. Nc3 c4
35. bxc4 dxc4 36. Be2 Bb7 37. Bxc4 Rc5 38. Bxe6 Rxe6 39. Nd1 Ra6 40. Ne3 Rxa4
41. Ke2 Ba6+ 1/2-1/2

[Event "AUTO-OPEN-3113"]
[Site "http://www.queenalice.com/game.php?id=1287354"]
[Date "2014.6.10"]
[Round "2"]
[White "Meauxchess"]
[Black "chagrix64"]
[Result "0-1"]
[WhiteElo "2456"]
[BlackElo "2456"]

1. c4 c5 2. Nf3 Nf6 3. Nc3 d5 4. h3 d4 5. Qa4+ Bd7 6. Nb5 Nc6 7. d3 e5 8. g4 a6
9. Na3 e4 10. dxe4 h5 11. g5 Nxe4 12. Qc2 Bf5 13. Qb3 Qa5+ 14. Bd2 Qc7 15. Bg2
h4 16. Kf1 O-O-O 17. Rd1 Re8 18. Be1 Bd6 0-1

[Event "AUTO-OPEN-3113"]
[Site "http://www.queenalice.com/game.php?id=1287355"]
[Date "2014.6.10"]
[Round "2"]
[White "chagrix64"]
[Black "Meauxchess"]
[Result "1/2-1/2"]
[WhiteElo "2453"]
[BlackElo "2461"]

1. e4 e6 2. d4 d5 3. Nd2 Nf6 4. e5 Nfd7 5. c3 c5 6. Ngf3 Qb6 7. Bd3 Nc6 8. Qa4
cxd4 9. cxd4 f6 10. exf6 gxf6 11. O-O Qb4 12. Qxb4 Bxb4 13. a3 Bd6 14. Re1 e5
15. dxe5 Ndxe5 16. Be2 Rg8 17. b4 Kf7 18. Bb2 Bg4 19. g3 Rae8 20. Kg2 1/2-1/2

[Event "AUTO-ELITE-1263"]
[Site "http://www.queenalice.com/game.php?id=1290489"]
[Date "2014.6.25"]
[Round "2"]
[White "chagrix64"]
[Black "sidneyjmg"]
[Result "1/2-1/2"]
[WhiteElo "2469"]
[BlackElo "2489"]

1. e4 e6 2. d4 d5 3. exd5 exd5 4. Bd3 Nf6 5. Nf3 Bd6 6. O-O O-O 7. Bg5 c6 8. h3
h6 9. Bxf6 Qxf6 10. Nbd2 Na6 11. Bxa6 bxa6 12. c3 Rb8 13. b4 Qg6 14. Kh1 Bd7 15.
Re1 Rbe8 16. Nf1 Rxe1 17. Qxe1 Re8 18. Qd2 f6 19. Re1 Rxe1 20. Nxe1 Qb1 21. Kg1
a5 22. bxa5 Bc8 23. Qe2 Kf8 24. Ne3 Bc7 25. a6 Kf7 26. Nd1 g6 27. a4 Qa1 28. Qc2
h5 29. Kh1 Bd6 30. Kg1 Kg7 31. Kh1 Bxa6 32. Nf3 Ba3 33. Nh4 f5 34. Qd2 Qc1 35.
Qe1 Kf7 36. Nf3 Bd6 37. h4 Bd3 38. Ng5+ Kg7 39. g3 Be4+ 40. f3 Bxg3 41. Qxg3
Qxd1+ 42. Kg2 Qd2+ 43. Kh1 f4 44. Ne6+ Kf7 45. Nxf4 Qd1+ 46. Kg2 Qc2+ 47. Qf2
1/2-1/2

[Event "AUTO-ELITE-1263"]
[Site "http://www.queenalice.com/game.php?id=1290490"]
[Date "2014.6.25"]
[Round "2"]
[White "sidneyjmg"]
[Black "chagrix64"]
[Result "1/2-1/2"]
[WhiteElo "2493"]
[BlackElo "2453"]

1. e4 e6 2. Nf3 d5 3. exd5 exd5 4. d4 Bd6 5. c4 Bb4+ 6. Nc3 Nf6 7. Bg5 O-O 8.
cxd5 Nbd7 9. Be2 h6 10. Bh4 Nb6 11. O-O Be7 12. Bxf6 Bxf6 13. Qb3 Bg4 14. Rfe1
Bxf3 15. Bxf3 Bxd4 16. Nb5 Bc5 17. Rac1 Nd7 18. Nc3 Rb8 19. Re2 Re8 20. Ne4 Bf8
21. g3 Ne5 22. Bg2 Nd7 23. a3 a6 24. Rce1 Re5 25. f4 Re7 26. Qc2 Nb6 27. Rd1 Qd7
28. Bf3 Ree8 29. b4 Rbd8 30. Nc5 Rxe2 31. Qxe2 Qc8 32. Qc2 Re8 33. Qc3 Bd6 34.
Kg2 Rd8 35. h3 Qb8 36. Rc1 Bf8 37. Qb3 Bd6 38. a4 Nc8 39. a5 Ne7 40. Qc4 Nf5 41.
Qd3 Ne7 42. Rc2 Bxc5 43. bxc5 Nxd5 44. Bxd5 c6 1/2-1/2

[Event "AUTO-ELITE-1263"]
[Site "http://www.queenalice.com/game.php?id=1290491"]
[Date "2014.6.25"]
[Round "2"]
[White "chagrix64"]
[Black "LoveChess"]
[Result "0-1"]
[WhiteElo "2481"]
[BlackElo "2773"]

1. e4 d6 2. d4 Nf6 3. Qd3 Nbd7 4. Be3 e5 5. d5 c6 6. c4 Ng4 7. Bc1 Nc5 8. Qc2 f5
9. f3 Nf6 10. Be3 fxe4 11. Bxc5 dxc5 12. fxe4 Be7 13. Nf3 O-O 14. Nc3 Ng4 15.
Qd2 Rxf3 16. gxf3 Bg5 17. Qc2 Qf6 18. fxg4 Bh4+ 19. Kd1 Qf3+ 20. Qe2 Qxh1 21.
Kc2 Bd7 22. h3 Rf8 23. Kb3 Rf2 24. Qd3 Qf3 25. Qxf3 Rxf3 26. Rd1 Bg5 27. a3 g6
28. Bg2 Rf2 29. Bf1 Be3 30. Bd3 Rh2 31. Bf1 Bd4 32. Re1 Rf2 33. Be2 Kg7 34. Bf1
Rf3 35. Rc1 h5 36. a4 Rf2 37. a5 a6 38. gxh5 gxh5 39. Ne2 Kf6 40. h4 Bg4 41. Nc3
Rh2 42. Rc2 Rh1 0-1

[Event "AUTO-ELITE-1263"]
[Site "http://www.queenalice.com/game.php?id=1290492"]
[Date "2014.6.25"]
[Round "2"]
[White "LoveChess"]
[Black "chagrix64"]
[Result "1-0"]
[WhiteElo "2778"]
[BlackElo "2481"]

1. d4 d5 2. c4 dxc4 3. e3 Be6 4. Nc3 c6 5. Nf3 Nf6 6. Ng5 Qd7 7. h3 h6 8. Nxe6
Qxe6 9. Be2 Nbd7 10. O-O g5 11. b3 cxb3 12. axb3 Nb6 13. Qc2 Nbd5 14. Na4 Bg7
15. Nc5 Qc8 16. e4 Nb4 17. Qd2 a5 18. e5 Nfd5 19. e6 f5 20. Nd7 Qc7 21. Ba3 Qd6
22. Bc4 Nc7 23. Rfd1 b5 24. Bxb4 Qxb4 25. Qxb4 axb4 26. Rxa8+ Nxa8 27. Bd3 Kd8
28. Bxf5 Kc7 29. d5 Nb6 30. dxc6 Nc8 31. Be4 Nd6 32. Bf3 Nf5 33. Nc5 Kb6 34. Rd5
Nd4 35. Nd3 Nxf3+ 36. gxf3 Rc8 37. Rd7 Rxc6 38. Rxe7 Bf6 39. Rh7 Rxe6 40. Rxh6
Rd6 41. Nxb4 Ka5 42. Nc2 Rd1+ 43. Kg2 Be7 44. Rg6 Rd3 45. Re6 Bd6 46. f4 gxf4
47. h4 Rd2 48. h5 Bc5 49. b4+ Bxb4 50. Nxb4 1-0

[Event "AUTO-ADV-2995"]
[Site "http://www.queenalice.com/game.php?id=1307299"]
[Date "2014.9.10"]
[Round "3"]
[White "chagrix64"]
[Black "jalhallib"]
[Result "1-0"]
[WhiteElo "2473"]
[BlackElo "1919"]

1. e4 c6 2. d4 d5 3. Nc3 e6 4. Nf3 Bb4 5. Bd3 Bxc3+ 6. bxc3 h6 7. O-O Ne7 8. Qe2
O-O 9. Ne5 Ng6 10. Nxg6 fxg6 11. Ba3 Rf6 12. e5 Rf4 13. g3 Rf7 14. Bxg6 Nd7 15.
f4 b6 16. Bxf7+ Kxf7 17. f5 a5 18. fxe6+ Kxe6 19. Qg4# 1-0

[Event "AUTO-ADV-2995"]
[Site "http://www.queenalice.com/game.php?id=1307300"]
[Date "2014.9.10"]
[Round "3"]
[White "jalhallib"]
[Black "chagrix64"]
[Result "0-1"]
[WhiteElo "1958"]
[BlackElo "2474"]

1. e4 e5 2. Nf3 Nc6 3. d4 exd4 4. Nxd4 Nf6 5. Nxc6 bxc6 6. Bg5 h6 7. Bxf6 Qxf6
8. Nc3 Ba3 9. Nd5 cxd5 10. bxa3 Qc3+ 11. Qd2 Qxa1+ 12. Qd1 Qxd1+ 13. Kxd1 dxe4
14. Bc4 Ke7 15. Re1 d5 16. Bb3 Be6 17. f3 f5 18. f4 g5 19. Rf1 c5 20. g3 c4 21.
Ba4 Rab8 22. Kc1 d4 23. c3 dxc3 24. Kc2 Rb2+ 25. Kxc3 Rxa2 26. Kb4 Rb8+ 27. Kc5
Rc8+ 28. Kb4 c3 29. fxg5 Rb2+ 30. Ka5 Rc5+ 31. Bb5 Rcxb5+ 32. Ka4 a6 0-1